• 首页
  • 本馆介绍
  • 公告通知
  • 最新文献
  • 馆藏检索
  • 电子资源
  • 读者导购
  • 参考咨询
  • 我的图书馆
  • 登录
  • 详细信息显示
  • 放入我的书架
  • 预约/预借图书
  • 作者相关作品
  • 分类相关作品
  • 丛书相关作品
  • 出版社相关作品

书目信息

  • 表格格式
  • 工作单格式
  • 卡片格式
题名:
沈阳漫游
    
 
作者:
分册:  
出版信息: 刘恩铭等编著   北京  中国旅游出版社
页数: 138页
开本: 19cm
丛书名:
单 册:
中图分类: K928.5
科图分类:
主题词: 地理--中国
电子资源:
ISBN:
000 00486nam0 2200193 45
001 0405121638
005 20040512164615.5
010    @dCNY0.85
091    @a12179.302
100    @a20040512d中国 km y0chiy0120 ea
101 0  @achi
105    @a z 000yy
200 1  @a沈阳漫游@AShen Yang Man You
210    @a刘恩铭等编著@c北京@d中国旅游出版社
215    @a138页@c图@d19cm
606 0  @a地理@x中国
690    @aK928.5@v3
801    @aCN@bTSTCL@c20040512
905    @f1@b172154@dK928.5@e116
    
    沈阳漫游.-刘恩铭等编著:北京,中国旅游出版社
    138页:图;19cm
    
    
    ISBN :CNY0.85
    
●
相关链接 在E读中查询图书 在五车中查询图书 在当当中查询图书 在豆瓣中查询图书


正题名:沈阳漫游     索取号:K928.5/116         预约/预借

序号 登录号 条形码 馆藏地/架位号 状态 备注
1 0172154   000081574   密集书库/ [索取号:K928.5/116] 在馆    
2 0172155   000081583   第二样本阅览室/ [索取号:K928.5/116] 在馆    
唐山师范学院图书馆 欢迎您!
大连网信软件有限公司© 版权所有